| 000 | 01455cam a22003737a 4500 | ||
|---|---|---|---|
| 003 | CHAP | ||
| 005 | 20220329140958.0 | ||
| 008 | 971013s1960 r 00010 d | ||
| 010 | _a60822 | ||
| 011 | _a61794 | ||
| 035 | _a65962 | ||
| 040 | _cCHAP | ||
| 082 |
_a591.1 _bD84Y |
||
| 100 | 0 | 0 |
_aDukes, Henry Hugh. _934439 |
| 245 | 0 | _aFisiología de los animales domésticos | |
| 260 |
_aMadrid : _bAguilar, _c1960 |
||
| 300 |
_a962 p. _b: ilus. |
||
| 590 |
_aBATCH-UPD _b10 _c20130110 _lUCH01 _h0943 |
||
| 590 |
_aBATCH-UPD _b10 _c20130410 _lUCH01 _h0558 |
||
| 590 |
_aBATCH-UPD _b10 _c20130914 _lUCH01 _h0338 |
||
| 590 |
_aCONVERSION _b10 _c20130109 _lUCH01 _h1333 |
||
| 650 | 1 | 4 |
_aAnimales domésticos _xAnatomía y fisiología. _95892 |
| 650 | 1 | 4 |
_aFisiología comparada. _941133 |
| 901 | _aBK | ||
| 942 | _cLIBRO | ||
| 949 |
_a591.1 D84Y _bBC _cLIBRO _d-150869 _eLIBRO _fc.4 _h4207 _i65962 _si |
||
| 949 |
_a591.1 D84Y _bBC _cLIBRO _d33724000372033 _eLIBRO _fc.10 _h4211 _i65962 _si |
||
| 949 |
_a591.1 D84Y _bBC _cLIBRO _d33724000372066 _eLIBRO _fc.6 _h11196 _i65962 _si |
||
| 949 |
_a591.1 D84Y _bBC _cLIBRO _d33724000372074 _eLIBRO _fc.5 _h4208 _i65962 _si |
||
| 949 |
_a591.1 D84Y _bBC _cLIBRO _d33724000372082 _eLIBRO _fc.3 _h4206 _i65962 _si |
||
| 949 |
_a591.1 D84Y _bBC _cLIBRO _d33724000372090 _eLIBRO _fc.2 _h4205 _i65962 _si |
||
| 949 |
_a591.1 D84Y _bBC _cLIBRO _d33724000372108 _eLIBRO _h4204 _i65962 _si |
||
| 949 |
_a591.1 D84Y _bBC _cLIBRO _d33724002019900 _eLIBRO _fc.9 _h4210 _i65962 _si |
||
| 999 |
_c60822 _d60822 |
||